000 01569nam a2200493 i 4500
001 26928
003 KOSZ 005
005 20240405063041.0
008 040519s1975 pl a |000 0 pol
015 _aUWD 1976/337
035 _a991023352889705066
035 _a(PL-WaBN)b16399444-48omnis_nlop
035 _ab16399444
035 _a(OCoLC)830573682
035 _a(PL)b0000001639944
035 _a(EXLNZ-48OMNIS_NETWORK)9910461393705606
040 _aWA N
_cWA N
_dKOSZ 005/HR
041 0 _apol
046 _k1975
080 _a339.92(729.1)
080 _a339.92(438)
100 1 _aLegomska-Dworniak, Ewa
_eAutor
245 1 0 _aPolska - Kuba :
_bgospodarka, współpraca /
_cEwa Legomska-Dworniak.
260 _aWarszawa :
_bPańst. Wydaw. Ekonomiczne,
_c1975.
300 _a280 s. :
_bmapa, tab. ;
_c20 cm.
336 _aTekst
_btxt
_2rdacontent
337 _aBez urządzenia pośredniczącego
_bn
_2rdamedia
338 _aWolumin
_bnc
_2rdacarrier
380 _aKsiążki
388 _a1901-2000
388 _a1945-1989
490 1 _aPolska, RWPG, Świat
504 _aBibliogr.
648 7 _a1901-2000
_2DBN
650 7 _aGospodarka
651 7 _aKuba
_2DBN
651 7 _aPolska
_2DBN
658 _aGospodarka, ekonomia, finanse
710 2 _aPaństwowe Wydawnictwo Ekonomiczne
_4pbl
830 0 _aPolska, RWPG, Świat
856 _uhttp://koha.tu.koszalin.pl/cgi-bin/koha/opac-detail.pl?biblionumber=26928
_yKatalog online BPK
942 _2UKD
_cKS
999 _c26928
_d26928